Socialist upsurge in China's countryside

Gespeichert in:
Bibliographische Detailangaben
Format: Buch
Sprache:Undetermined
Veröffentlicht: Peking Foreign Languages Press 1957
Schlagworte:
Tags: Tag hinzufügen
Keine Tags, Fügen Sie den ersten Tag hinzu!
Thư viện lưu trữ: Trung tâm Học liệu Trường Đại học Cần Thơ
LEADER 00488nam a2200181Ia 4500
001 CTU_90705
008 210402s9999 xx 000 0 und d
082 |a 338.1 
082 |b S678 
245 0 |a Socialist upsurge in China's countryside 
260 |a Peking 
260 |b Foreign Languages Press 
260 |c 1957 
650 |a collective farms,china 
650 |x rural conditions 
650 |z china 
904 |i Tuyến 
980 |a Trung tâm Học liệu Trường Đại học Cần Thơ